Les chansons de Jacques Brel 1962-1968 - Statistiques

Statistiques générales
  • Ce quiz a été pris 55 fois
  • Le résultat moyen est 24 sur 71
Statistiques - réponses
Indices Chansons % Correct
Démonstratif {Ces} gens-là
90%
Confiserie Les {Bonbons}
90%
Ville en V Vesoul
90%
Port Amsterdam
86%
Amoureux La chanson des vieux {Amants}
84%
Ultime Le {dernier} repas
82%
Capitale Bruxelles
78%
Belgique Le {plat pays}
78%
Saison Un soir d'{été}
78%
Anciens Les {Vieux}
76%
Mère Quand {maman} reviendra
71%
Mâles Pourquoi faut-il que les {hommes} s'ennuient
67%
Jeunesse Mon {Enfance}
65%
Boisson La {Bière}
63%
Equidé Le {Cheval}
55%
Une {île}
55%
Stupide L'âge {idiot}
51%
Enfant Regarde bien, {Petit}
51%
Recherche La {Quête}
49%
Gamin Un {Enfant}
49%
Mamie Grand-Mère
47%
Organe Les amants de {coeur}
45%
Véritablement {Vraiment} je ne pense qu'à lui
45%
Je pars J'{arrive}
43%
Ovins Les {Moutons}
43%
Latin Rosa
41%
Danse {Tango} funèbre
41%
Après Au {suivant}
39%
Fin La {Mort}
37%
Agée Vieille
33%
Noyée La {Fanette}
31%
Petit parc Les {jardins} du casino
31%
Sentiment Sans {amour}
31%
Hydrogène Le {Gaz}
29%
Animaux Les filles et les {Chiens}
29%
Parler Mon père {disait}
29%
Ville Il neige sur {Liège}
27%
Prénom initiale J Jeff
27%
Pâtres Les {Bergers}
27%
Prénom initiale F Fernand
24%
Prénom initiale J Jacky
24%
Diapason La {la la}
20%
Exécuté Le {Pendu}
20%
Pieuses Les {Bigotes}
20%
Ouverture Les {Fenêtres}
20%
Peu audacieux Les {Timides}
20%
Souples Les coeurs {tendres}
18%
Confiserie Les {Bonbons 67}
14%
Sentiment J'{aimais}
12%
Bavardage La {Parlote}
12%
Trucs Pourquoi fait-il toutes {ces choses}
12%
Porte-bonheur Casse {pompon}
10%
Affligés lLes {Désespérés}
10%
Vide A {jeun}
8%
Ouvrier L'{Eclusier}
8%
Bête Un {animal}
8%
Aimée Chacun sa {Dulcinéa}
6%
Prénom initiale D Dulcinéa
6%
Animaux Les {Toros}
6%
Belge L'{Ostendaise}
6%
Assassinat Comment {tuer l'amant de sa femme quand on a été comme moi élevé dans la tradition} ?
4%
Descendant {Fils de] ...
4%
in excelsis Gloria
2%
Coiffe Le {casque d'or} de Mambrino
2%
Noble Le {chevalier} aux miroirs
2%
Paris Place de la {Contrescarpe}
2%
Augustine ? Titine
2%
Prénom initiale A Aldonza
0%
Silencieuse Chanson sans {parolse}
0%
Dignité La {Toison d'or}
0%
Animaux Les {Crocodiles}
0%
Aucun quiz correspondant
Distribution des résultats
% des personnes avec chaque résultat
Percentile par nombre de réponses
Votre historique - résultats
Vous n’avez pas pris ce quiz